Proteccion internacional de Personas Refugiadas (Record no. 4864)
[ view plain ]
| 000 -CABECERA | |
|---|---|
| campo de control de longitud fija | 00475nam a22001337a 4500 |
| 020 ## - NUMERO INTERNACIONAL NORMALIZADO PARA LIBROS (ISBN) | |
| International Standard Book Number | 0326-7431 |
| 080 ## - NUMERO DE CLASIFICACION DECIMAL UNIVERSAL (CDU) | |
| Número de la Clasificación Decimal Universal | 341.43 P 946 |
| 245 ## - MENCION DE TITULO | |
| Título propiamente dicho | Proteccion internacional de Personas Refugiadas |
| 260 ## - PUBLICACION, DISTRIBUCION, ETC. (PIE DE IMPRENTA) | |
| Lugar de publicación, distribución, etc. | Buenos Aires |
| Nombre del editor, distribuidor, etc. | Abeledo-Perrot |
| Fecha de publicación, distribución, etc. | 2018 |
| 300 ## - DESCRIPCION FISICA | |
| Extensión | 346 P. |
| 650 ## - ASIENTO SECUNDARIO DE MATERIA - TERMINO TEMATICO | |
| Subdivisión general | refugiados |
| -- | refugiados climaticos |
| -- | derecho internacional publico |
| -- | corte penal internacional |
| -- | La Haya |
| -- | proteccion internacional |
| -- | derecho internacional humanitario |
| 942 ## - ELEMENTOS AGREGADOS (KOHA) | |
| Clasificación normalizada de Koha para alfabetizar | _ |
| 945 ## - INFORMACION DE PROCESAMIENTO LOCAL | |
| Responsable de carga/modificación | Celeste Delía |
| AAAA-MM-DD - Fecha de ingreso/modificación | 2018-10-09 |
| Retirado | Perdido | Fuente de clasificación | Dañado | No se presta | Ubicación permanente | Locación actual | Estante o sala | Fecha de adquisición | Total préstamos | Signatura topográfica | Inventario | Ultima fecha vista | Fecha del precio | Tipo de item de Koha |
|---|---|---|---|---|---|---|---|---|---|---|---|---|---|---|
| Bib. Derecho | Bib. Derecho | Sala de Lectura | 09/10/2018 | 341.43 P 946 | 203835 | 09/10/2018 | 09/10/2018 | LIBRO (Consulta) | ||||||
| Bib. Derecho | Bib. Derecho | Sector Prestamo | 16/09/2019 | 341.43 P 946 | 301916 | 16/09/2019 | 16/09/2019 | LIBRO |
